Anführer der G7, 2003-heute - Statistiken

Allgemein
  • Dieses Quiz wurde 8.403 mal gespielt
    2.007 seit der letzten Aktualisierung
  • Das Durchschnittsergebnis liegt bei 18 aus 44
Antwortstatistiken
Land Jahr Staatsoberhaupt % Korrekt
Deutschland 2005-2021 Angela Merkel
99%
Deutschland 2025- Friedrich Merz
98%
Deutschland 2021-2025 Olaf Scholz
98%
Vereinigte Staaten 2017-2021, 2025- Donald Trump
95%
Vereinigte Staaten 2009-2017 Barack Obama
94%
Frankreich 2017- Emmanuel Macron
93%
Vereinigte Staaten 2021- Joe Biden
93%
Deutschland 1998-2005 Gerhard Schröder
88%
Vereinigte Staaten 2001-2009 George W. Bush
87%
Vereinigtes Königreich 2019-2022 Boris Johnson
72%
Kanada 2015-2025 Justin Trudeau
67%
Italien 2022- Giorgia Meloni
65%
Italien 2001-2006, 2008-2011 Silvio Berlusconi
58%
Vereinigtes Königreich 2016-2019 Theresa May
55%
Vereinigtes Königreich 2024- Keir Starmer
51%
Frankreich 2007-2012 Nicolas Sarkozy
49%
Frankreich 2012-2017 François Hollande
47%
Vereinigtes Königreich 1997-2007 Tony Blair
45%
Vereinigtes Königreich 2010-2016 David Cameron
43%
Vereinigtes Königreich 2022-2024 Rishi Sunak
42%
Vereinigtes Königreich 2022 Liz Truss
38%
Japan 2006-2007, 2012-2020 Shinzō Abe
38%
Frankreich 1995-2007 Jacques Chirac
35%
Vereinigtes Königreich 2007-2010 Gordon Brown
26%
Italien 2021-2022 Mario Draghi
25%
Italien 2018-2021 Giuseppe Conte
16%
Kanada 2025- Mark Carney
16%
Italien 2014-2016 Matteo Renzi
13%
Italien 2011-2013 Mario Monti
12%
Italien 2006-2008 Romano Prodi
11%
Kanada 2006-2015 Stephen Harper
11%
Italien 2013-2014 Enrico Letta
8%
Japan 2021-2024 Fumio Kishida
8%
Kanada 1993-2003 Jean Chrétien
7%
Italien 2016-2018 Paolo Gentiloni
7%
Kanada 2003-2006 Paul Martin
7%
Japan 2024- Shigeru Ishiba
7%
Japan 2020-2021 Yoshihide Suga
7%
Japan 2001-2006 Junichirō Koizumi
6%
Japan 2010-2011 Naoto Kan
6%
Japan 2008-2009 Tarō Asō
6%
Japan 2011-2012 Yoshihiko Noda
6%
Japan 2007-2008 Yasuo Fukuda
5%
Japan 2009-2010 Yukio Hatoyama
5%
Keine übereinstimmenden Quizze gefunden
Verteilung der Resultate
Anzahl Personen mit jedem Resultat
Perzentil nach korrekt beantworteten Fragen
Ihre Resultats-Entwicklung
Sie haben dieses Quiz seit der letzten Aktualisierung nicht gespielt